000 00785nmm a2200289 a 4500
003 AR-BaBNM
005 20251128210945.0
008 102020s[199 ||||||||||||||000 | spa||
020 _a950-537-362-7
040 _cAR-BaBNM
100 1 _aCarlevari, Isidro J.F.
245 1 0 _aLa Argentina
_bestructura humana y económica
250 _a12ª ed.
260 _aBuenos Aires
_bEdiciones Macchi
_c[1999]
300 0 _a697 p.
_bgráfs., tablas, mapas
650 4 _aGEOGRAFIA FISICA
650 4 _aGEOGRAFIA ECONOMICA
650 4 _aGEOGRAFIA POLITICA
650 4 _aECONOMIA REGIONAL
650 4 _aINTEGRACION REGIONAL
650 4 _aMEDIO AMBIENTE
651 4 _aArgentina
651 4 _aAmérica Latina
700 1 _aCarlevari, Ricardo D.
942 _cBK
998 _cMariana
999 _c17630
_d17630